书目信息 |
| 题名: |
概率论与数理统计同步练习
|
|
| 作者: | 刘春燕 , 许伯生 主编 | |
| 分册: | ||
| 出版信息: | 上海 东华大学出版社 2020.06 |
|
| 页数: | 56页 | |
| 开本: | 21x29cm | |
| 丛书名: | ||
| 单 册: | ||
| 中图分类: | O21-44 | |
| 科图分类: | ||
| 主题词: | 概率论--gai lv lun--高等学校--习题集 , 数理统计--shu li tong ji--高等学校--习题集 | |
| 电子资源: | ||
| ISBN: | 978-7-5669-1744-7 | |
| 000 | 01124nam0 2200253 450 | |
| 001 | CAL 0120203060646 | |
| 005 | 20201019160354.2 | |
| 010 | @a978-7-5669-1744-7@dCNY18.00 | |
| 100 | @a20201019d2020 em y0chiy0120 ea | |
| 101 | 0 | @achi |
| 102 | @aCN@b310000 | |
| 105 | @ay q 000yy | |
| 106 | @ar | |
| 200 | 1 | @a概率论与数理统计同步练习@Agai lv lun yu shu li tong ji tong bu lian xi@f主编刘春燕, 许伯生 |
| 210 | @a上海@c东华大学出版社@d2020.06 | |
| 215 | @a56页@d21x29cm | |
| 330 | @a本同步练习主要内容包括随机事件与概率, 随机变量及其分布, 多维随机变量及其分布, 随机变量的数字特征, 极限定理, 数理统计的基本概念, 参数估计, 统计假设检验, 统计分析等相关练习题。同步练习末还有综合测试题。这本同步练习切合实际, 有基本训练题 (练习A类) 也有提高题 (练习B类), 注重提高学生对概率论与数理统计的基本概念的理解, 强化理论在实际中的应用。 | |
| 606 | 0 | @a概率论@Agai lv lun@x高等学校@j习题集 |
| 606 | 0 | @a数理统计@Ashu li tong ji@x高等学校@j习题集 |
| 690 | @aO21-44@v5 | |
| 701 | 0 | @a刘春燕@Aliu chun yan@4主编 |
| 701 | 0 | @a许伯生@Axu bo sheng@4主编 |
| 801 | 0 | @aCN@b人天书店@c20201019 |
| 905 | @aTSG@b0001106@dO21-44@eL598@f2 | |
| 概率论与数理统计同步练习/主编刘春燕, 许伯生.-上海:东华大学出版社,2020.06 |
| 56页;21x29cm |
| ISBN 978-7-5669-1744-7:CNY18.00 |
| 本同步练习主要内容包括随机事件与概率, 随机变量及其分布, 多维随机变量及其分布, 随机变量的数字特征, 极限定理, 数理统计的基本概念, 参数估计, 统计假设检验, 统计分析等相关练习题。同步练习末还有综合测试题。这本同步练习切合实际, 有基本训练题 (练习A类) 也有提高题 (练习B类), 注重提高学生对概率论与数理统计的基本概念的理解, 强化理论在实际中的应用。 |
| ● |
| 相关链接 |
|
|
|
正题名:概率论与数理统计同步练习
索取号:O21-44/L598
 
预约/预借
| 序号 | 登录号 | 条形码 | 馆藏地/架位号 | 状态 | 备注 |
| 1 | 1531677 | 215316771 | 自科库401/401自科库 47排3列3层/ [索取号:O21-44/L598] | 在馆 | |
| 2 | 1531678 | 215316780 | 自科库401/401自科库 47排3列3层/ [索取号:O21-44/L598] | 在馆 |